| 000 | 00810nam a2200229 a 4500 | ||
|---|---|---|---|
| 001 | 000007350 | ||
| 005 | 20250624095821.0 | ||
| 008 | 090908s1989 dr a 001 0 spa d | ||
| 040 |
_aDO-SdBNP _bspa _cBNPHU |
||
| 082 |
_a362.20425 _bM524n |
||
| 100 | 1 |
_aMella, Cesar, _d1976- _920441 |
|
| 245 | 1 | 0 |
_aNotas de Psiquiatría popular / _cCesar Mella ; prólogo Antonio Zaglul. |
| 260 |
_aSanto Domingo : _bTaller, _c1989. |
||
| 300 |
_a147 p. : _bil. ; _c20 cm. |
||
| 500 | _aIncluye datos biográficos | ||
| 590 | _aInventariado, 2018/ YL | ||
| 650 | 4 |
_aPsiquiatría _xEnsayos, conferencias, etc. _920442 |
|
| 650 | 0 |
_aProblemas sociales _99290 |
|
| 650 | 4 |
_aSalud pública _xEnsayos, conferencias, etc. _920443 |
|
| 700 | 1 |
_aZaglul, Antonio, _d1920-1996 _epról. _969657 |
|
| 910 | _aValidado. Control de calidad MFF | ||
| 999 |
_c7131 _d7131 |
||